00722nam a2200217Ia 4500003000900000008004100009040001300050040001300063041000800076100002500084245009400109250001000203260003100213260000900244300001100253300001200264490000600276942000700282999001700289952019800306IT-RoPAU120407s9999 xx 000 0 und d aIT-RoPAU cIT-RoPAU aita aAnnibale Zambarbieri a"Parrocchia e mondo contadino. Tra ottocento e novecento. Maleo e il parroco Trabattoni." aLodi  aCentro di cultura Paolo VI c1980 a137 p. c20,5 cm v1 cBK c25456d25456 00102ddc406274_49000000000000071aPAULUSbPAULUSd2012-04-11l0o274.49r2012-04-11 00:00:00w2012-04-11yBKzInserito da: Jole In data: 27 settembre 2011 fondo: Via A.Severo 56 Progr:28492